000 00665nam a2200277Ia 4500
005 20260324115111.0
008 008 260324s9999 xx 000 0 eng d
020 _a9780429201431
037 _aEBOOK
040 _aCRL
040 _beng
040 _cCRL
041 _2eng
041 _aeng
084 _qCRL
100 _aCesare Barbieri
_91153365
245 2 _aA Brief Introduction to the Search for Extra-Terrestrial Life
260 _bTaylor and Francis
260 _c2019
365 _a
365 _b115
856 _uhttp://www.taylorfrancis.com/books/9780429201431
942 _cEBOOK
999 _c1743992
_d1743992